| Tag |
First Indicator |
Second Indicator |
Subfields |
| LEADER |
00000cam a2200000Ia 4500 |
| 001 |
in00001730321 |
| 005 |
20151024210357.0 |
| 008 |
030217s2002 enka b 001 0 eng |
| 020 |
|
|
|a 1897676484
|
| 035 |
|
|
|a (OCoLC)ocm52032102
|
| 035 |
|
|
|a (OCoLC)52032102
|
| 040 |
|
|
|a IWA
|c IWA
|d TXA
|d UtOrBLW
|
| 049 |
|
|
|a TXAM
|
| 090 |
|
|
|a S455
|b .C456 2002
|
| 100 |
1 |
|
|a Charles, D. R.
|
| 245 |
1 |
0 |
|a Food, farming and the countryside :
|b past, present and future /
|c David Charles.
|
| 264 |
|
1 |
|a Nottingham :
|b Nottingham University Press,
|c 2002.
|
| 300 |
|
|
|a xxv, 163 pages :
|b illustrations ;
|c 24 cm.
|
| 336 |
|
|
|a text
|b txt
|2 rdacontent
|
| 337 |
|
|
|a unmediated
|b n
|2 rdamedia
|
| 338 |
|
|
|a volume
|b nc
|2 rdacarrier
|
| 500 |
|
|
|a "An account of the part played by food and agriculture in the evolution of everyday life and of the English countryside."
|
| 504 |
|
|
|a Includes bibliographical references and index.
|
| 650 |
|
0 |
|a Agriculture
|z Great Britain
|x History.
|
| 650 |
|
0 |
|a Food crops
|z Great Britain
|x History.
|
| 650 |
|
0 |
|a Livestock
|z Great Britain
|x History.
|
| 650 |
|
0 |
|a Country life
|z Great Britain
|x History.
|
| 994 |
|
|
|a E0
|b TXA
|
| 948 |
|
|
|a cataloged
|b h
|c 2003/4/11
|d c
|e bwalker
|f 12:07:28 pm
|
| 999 |
|
|
|a MARS
|
| 999 |
f |
f |
|s a3061aa0-5fc6-3688-be05-52d295c56a57
|i 616c7b4f-43bb-378e-bec0-70bfb3fe1c57
|t 0
|
| 952 |
f |
f |
|p ric
|a Texas A&M University
|b Rellis Campus
|c Joint Library Facility
|d Remote Storage
|t 0
|e S455 .C456 2002
|h Library of Congress classification
|i unmediated -- volume
|m A14829984561
|
| 998 |
f |
f |
|a S455 .C456 2002
|t 0
|l Remote Storage
|